La cosa juzgada: (estudio de jurisprudencia civil) /

Bibliographic Details
Main Author: Tapia Fernǹdez, Isabel
Format: Book
Language:Spanish
Published: Madrid : Dykinson, D.L. 2010.
Subjects:
Online Access:Acceso restringido

MARC

LEADER 00000cam a2200000 i 4500
005 20110706104923.0
008 990625s2010 sp 000 0 spa d
020 |a 978-84-9849-865-3 
035 |a 5342 
040 |a UNAV  |d BUAL  |d BUS  |d vLex 
090 |c 2175  |d 2175 
100 1 |a Tapia Fernǹdez, Isabel. 
245 1 3 |a La cosa juzgada:  |b (estudio de jurisprudencia civil) /  |c Isabel Tapia Fernǹdez.  |h [Recurso electrn̤ico] 
256 |a Servicio en ln̕ea. 
260 |a Madrid :  |b Dykinson,  |c D.L. 2010. 
300 |a 270 p. ;  |c 21 cm. 
650 0 7 |a Proceso  |2 Tesauro vLex 
650 0 7 |2 Tesauro vLex  |a Cosa juzgada 
650 0 7 |2 Tesauro vLex  |a Fuentes del derecho Civil 
650 0 7 |2 Tesauro vLex  |a Jurisprudencia 
740 0 |a vLex Libros (Servicio en ln̕ea) 
856 4 0 |u http://vlex.com/source/cosa-juzgada-estudio-jurisprudencia-civil-5342  |z Acceso restringido 
942 |c BOOK